1977 1139 1771 1643 1939 1733 1186 1852 1611 1324 1559 1637 1909 1961 1098 1685 1778 1748 1069 1132 1160 1041 1954 1860 1741 1948 1699 1865 1519 1302 1373 1693 1812 1700 1831 1889 1697 1339 1823 1215 1383 1864 1747 1690 1553 1883 1981 1076 1016 1673 1608 1840 1491 1956 1377 1878 1334 1843 1469 1345 1525 1948 1804 1297 1801 1668 1532 1714 1685 1337 1841 1823 1956 1254 1198 1446 1828 1229 1418 1452 1497 1628 1627 1053 1010 1374 1605 1024 1862 1985 1879 1783 1825 1338 1539 1462 1910 1065 1431 BCNSPRNW ULIB Ver.6.0+V

เปลี่ยนเป็นภาษาไทย

Change to English
 แสดงรายละเอียดบรรณานุกรม
  กลับหน้าหลัก

Brief Record : Get Marc (ISO 2709) : E-mail record : QR code < ปิดหน้าต่าง
LEADER : 00000nam 2200000uu 4500
001    13399125000
003     ULIB
008    160527s2558||||th 000 0 tha d
020    ^a9786163822383
060  4 ^aWA20.5^bว712ร
100 0  ^aวิโรจน์ ไววานิชกิจ
245 10 ^aระเบียบวิธีวิจัยพื้นฐานทางการแพทย์และสาธารณสุข สำหรับแพทย์ พยาบาลและบุคลากรทางการแพทย์ /^cวิโรจน์ ไววานิชกิจ
260    ^aกรุงเทพฯ ^bโรงพิมพ์แห่งจุฬาลงกรณ์มหาวิทยาลัย ,^c2558
300    ^a106 หน้า
650  3 ^aการแพทย์^xวิจัย
650  4 ^aสาธารณสุข^xวิจัย
945    ^p330^l0^i23733
999    ^aทศพร เกษรทอง
รายการนี้ยังไม่มีแท็ก
คุณยังไม่ได้ล็อกอิน คุณสามารถมีกิจกรรมร่วมกับเว็บไซต์ได้ แต่ต้องล็อกอินก่อน ::
  ล็อกอิน

รายการสื่อสารสนเทศ

ลำดับที่ ประเภท เลขเรียก/บาร์โค้ด สถานที่ สถานะ
1. วิทยาศาสตร์การแพทย์ และสุขภาพ
หนังสือสำรอง
สถานะ=หนังสือสำรอง
WA20.5 ว712ร ฉ.1 
  Barcode: 23733
ห้องสมุดวิทยาเขตนครสวรรค์
►ส่วนจัดเก็บหนังสือเก่า นว.
บนชั้น
  ขอยืม

รายการใกล้เคียง
    ผู้แต่ง [วิโรจน์ ไววานิชกิจ]

    หัวเรื่อง [สาธารณสุข วิจัย]

BibComment


ยังไม่เคยถูกคอมเมนท์

คอมเมนท์ทรัพยากรรายการนี้
  คอมเมนท์: ระเบียบวิธีวิจัย..


 Copyright 2026. Bcnsprnw @Library